| 000 | 00687nam a2200217 a 4500 | ||
|---|---|---|---|
| 005 | 20251111063906.0 | ||
| 008 | 020930s2001 mx r 000 0 spa d | ||
| 020 | _a9701502825 (México) | ||
| 020 | _a8428109532 (España) | ||
| 035 | _aUPN01000119733 | ||
| 049 | _aCG | ||
| 050 | 4 |
_aLB1573 _bM5.2 |
|
| 100 | 1 | _aMilla Lozano, Francisco | |
| 245 | 1 | 0 |
_aActividades creativas para la lecto-escritura / _cFrancisco Milla Lozano. |
| 260 |
_aMéxico : _bAlfaomega : _aBarcelona, Esp. : _bOikos - Tau, _c2001. |
||
| 300 | _a268 p. | ||
| 650 | 4 |
_aLECTURA CREATIVA _926666 |
|
| 650 | 4 |
_aEscritura creativa _912783 |
|
| 650 | 2 |
_aCreación (literaria, artística, etc.) _95738 |
|
| 905 | _aLibro | ||
| 999 |
_c92083 _d92083 |
||